00432nam a22001577a 450000500170000001000130001702000180003003500130004803700130006108200060007410000190008024500370009926000510013627000610018730000260024820190520153148.0 aB-215643 a9780670999224 aB-215643 bDBAD/PUB aN aChandra,Vikram aSacred Games/cby Vikram Chandra aNew DelhibPenguin Booka India Pvt. Ltd.c2006 a11, Community Centre, Panchsheel ParkbNew Delhie110017 axii,900p.c22cm.(hbk)